| 000 | 00864cam a22002655i 4500 | ||
|---|---|---|---|
| 999 |
_c27619 _d27590 |
||
| 003 | EG-ScBUE | ||
| 005 | 20190915120334.0 | ||
| 008 | 190915s2017 ii f b 000 0 eng d | ||
| 020 | _a9788131102305 | ||
| 040 |
_aEG-ScBUE _beng _erda _cEG-ScBUE _dEG-ScBUE |
||
| 082 | 0 | 4 |
_a428.24 _bFER _222 |
| 100 | 1 |
_aFernandez, Martin, _eauthor. |
|
| 245 | 1 | 0 |
_aCommon errors in English / _cDr. Martin Fernandez. |
| 264 | 1 |
_aNew Delhi : _bCommonwealth Publishers, _c2017. |
|
| 300 |
_a241 pages ; _c22 cm. |
||
| 336 |
_atext _btxt _2rdacontent |
||
| 337 |
_aunmediated _bn _2rdamedia |
||
| 338 |
_avolume _bnc _2rdacarrier |
||
| 504 | _aIncludes bibliographical references. | ||
| 650 | 7 |
_aEnglish language _xErrors of usage. _2BUEsh |
|
| 650 | 7 |
_aEnglish language _xStudy and teaching. _2BUEsh |
|
| 653 |
_bHHUUEENN _cSeptember2019 |
||
| 655 | _vReading book | ||
| 942 |
_2ddc _cBB |
||